Europe's welfare traditions since 1500 (Titelsatznr. 62037)
[ MARC ]
| 000 -Satzkennung | |
|---|---|
| Kontrollfeld mit fester Länge | 01210nac a22003853 a4500 |
| 001 - Kontrollnummer | |
| Kontrollfeld | 1826996559 |
| 003 - Kontrollnummer Identifier | |
| Kontrollfeld | DE-627 |
| 005 - Datum und Zeit der letzten Transaktion | |
| Kontrollfeld | 20230411120523.0 |
| 007 - Feld mit fester Länge zur physischen Beschreibung - Allgemeine Information | |
| Kontrollfeld mit fester Länge | tu |
| 008 - Feld mit fester Länge zur physischen Beschreibung - Allgemeine Angaben | |
| Kontrollfeld mit fester Länge | 221214m20239999xxk||||| 00| ||eng c |
| 020 ## - Internationale Standardbuchnummer | |
| Internationale Standardbuchnummer | 9781350276246 |
| Verknüpfung | 978-1-350-27624-6 |
| 020 ## - Internationale Standardbuchnummer | |
| Internationale Standardbuchnummer | 9781350276284 |
| Verknüpfung | 978-1-350-27628-4 |
| 035 ## - Systemkontrollnummer | |
| System-Kontrollnummer | (DE-627)1826996559 |
| 035 ## - Systemkontrollnummer | |
| System-Kontrollnummer | (DE-599)KXP1826996559 |
| 040 ## - Katalogisierungsquelle | |
| Original-Katalogisierungsstelle | DE-627 |
| Katalogisierungssprache | ger |
| Übertragungsstelle | DE-627 |
| 041 ## - Sprachcode | |
| Sprachcode des Textes/der Tonspur oder des separaten Titels | eng |
| 044 ## - Ländercode der veröffentlichenden/herstellenden Stelle | |
| ISO-Ländercode | XA-GB |
| 100 1# - Haupteintragung - Personenname | |
| Personenname | Adams, Thomas M. |
| Funktionsbezeichnung | VerfasserIn |
| Funktionsbezeichnungscode | aut |
| Koha-Normdatenidentnummer | 21792 |
| 245 10 - Titel | |
| Titel | Europe's welfare traditions since 1500 |
| Verfasserangabe etc. | Thomas McStay Adams |
| 264 #1 - Produktion, Veröffentlichung, Distribution, Herstellung und Urheberrechtsvermerk | |
| Herstellungs-, Veröffentlichungs- Vertriebs-, Erzeugungsort | London ; New York ; Oxford ; New Delhi ; Sydney : |
| Produzent, Herausgeber, Distributor, Hersteller | Bloomsbury Academic |
| Datum der Herstellung, der Veröffentlichung, des Vertriebs oder des Urheberschutzvermerks | 2023- |
| 300 ## - Physische Beschreibung | |
| Umfang | Online-Ressource (Volume 1+2) |
| Andere physische Details | illustrations |
| 336 ## - Inhaltstyp | |
| Quelle | rdacontent |
| Inhaltstypterm | Text |
| Inhaltstypcode | txt |
| 337 ## - Medientyp | |
| Quelle | rdamedia |
| Bezeichnung des Medientyps | Computermedien |
| Medientypcode | bc |
| 338 ## - Datenträgertyp | |
| Quelle | rdacarrier |
| Datenträgertypbezeichnung | Online Ressource |
| Datenträgertypcode | cr |
| 500 ## - Allgemeine Fußnote | |
| Allgemeine Fußnote | E-Book-ProQuest / Fernzugriff nach Registrierung möglich |
| 500 ## - Allgemeine Fußnote | |
| Allgemeine Fußnote | URL siehe Bände |
| 650 #4 - Nebeneintragung unter einem Schlagwort - Sachschlagwort | |
| Sachschlagwort oder geografischer Name als Eintragungselement | Fürsorge |
| 650 #4 - Nebeneintragung unter einem Schlagwort - Sachschlagwort | |
| Sachschlagwort oder geografischer Name als Eintragungselement | Sozialstaat |
| Koha-Normdatenidentnummer | 2408 |
| 651 #4 - Nebeneintragung unter einem Schlagwort - Geografischer Name | |
| Geografischer Name | Europa |
| 776 1# - Andere physische Form | |
| Internationale Standardbuchnummer | 9781350276215 |
| 776 1# - Andere physische Form | |
| Internationale Standardbuchnummer | 9781350276253 |
| 942 ## - Zusätzliche Felder (Koha) | |
| Klassifikation oder Aufstellungssystematik | Andere/Generische Klassifikation |
| Koha-Medientyp | E-Books |
| Ausgeschieden | Verloren | Klassifikation oder Aufstellungssystematik | Beschädigt | Nicht entleihbar | Heimatbibliothek | Aufenthaltsbibliothek | Aufstellungsort | Erwerbungsdatum | Inventarnummer | Signatur | Barcode | Letzte Aktivität | Preis gültig von | Koha-Medientyp |
|---|---|---|---|---|---|---|---|---|---|---|---|---|---|---|
| Andere/Generische Klassifikation | MWN Osteuropa | MWN Osteuropa | Online-Ressource | 19/03/2023 | 23-e00375 | E-23-e00375 | 64509 | 19/03/2023 | 19/03/2023 | E-Books |